[Event "Salzano op-B"]
[Site "Salzano"]
[Date "2017.12.03"]
[Round "5"]
[White "Esposito, Bruno"]
[Black "Fiscato, Claudio"]
[Result "1/2-1/2"]
[WhiteElo "1647"]
[BlackElo "1643"]
[PlyCount "44"]
[EventDate "2017.12.01"]
[EventType "swiss"]
[EventRounds "5"]
[EventCountry "ITA"]
[SourceTitle "EXT 2022"]
[Source "ChessBase"]
[SourceDate "2021.10.06"]
[SourceVersion "1"]
[SourceVersionDate "2021.10.06"]
[SourceQuality "1"]

1. e4 c5 2. Nf3 e6 3. d4 cxd4 4. Nxd4 Nc6 5. Nc3 a6 6. Be3 Qc7 7. Qd2 Nf6 8. f3 Ne5 9. 0-0-0 Bb4 10. Bf4 d6 11. Nb3 0-0 12. a3 Bxc3 13. Qxc3 Qxc3 14. bxc3 Ne8 15. Be2 b6 16. Rd2 Bb7 17. Rhd1 Rc8 18. Kb2 b5 19. Na5 Ba8 20. g4 f5 21. exf5 exf5 22. g5 Bxf3 1/2-1/2

[Event "Mogliano Veneto op-B 38th"]
[Site "Mogliano Veneto"]
[Date "2017.05.01"]
[Round "4.16"]
[White "Esposito, Bruno"]
[Black "Vizireanu, Dragos"]
[Result "1/2-1/2"]
[WhiteElo "1682"]
[BlackElo "1905"]
[PlyCount "105"]
[EventDate "2017.04.29"]
[EventType "swiss"]
[EventRounds "5"]
[EventCountry "ITA"]
[SourceTitle "EXT 2023"]
[Source "ChessBase"]
[SourceDate "2022.10.05"]
[SourceVersion "1"]
[SourceVersionDate "2022.10.05"]
[SourceQuality "1"]

1. e4 e6 2. d4 d5 3. exd5 exd5 4. Bf4 Bd6 5. Bxd6 Qxd6 6. Nf3 Qb4+ 7. Nc3 Nf6 8. Rb1 0-0 9. a3 Qa5 10. Qd2 Re8+ 11. Be2 c6 12. 0-0 Bf5 13. b4 Qc7 14. b5 Nbd7 15. a4 Rac8 16. bxc6 Qxc6 17. Rb3 a6 18. Rc1 Ne4 19. Nxe4 Bxe4 20. c4 Qxa4 21. Rxb7 dxc4 22. Rb4 Qa5 23. Rbxc4 Qxd2 24. Nxd2 Rxc4 25. Bxc4 Bb7 26. Ra1 Kf8 27. Nb3 Ra8 28. f3 Nb6 29. Bd3 Bd5 30. Na5 g6 31. Rb1 Nd7 32. Kf2 f5 33. Kg3 Rb8 34. Rc1 Rb4 35. Nc6 Bxc6 36. Rxc6 f4+ 37. Kxf4 Rxd4+ 38. Be4 a5 39. Ra6 a4 40. Ke3 Rb4 41. Ra5 Nb6 42. Kd3 Rb2 43. f4 Rb3+ 44. Kc2 Rb4 45. Kd3 Rb3+ 46. Kc2 Ra3 47. Ra6 Nc4 48. Bc6 Ne3+ 49. Kb2 Nc4+ 50. Kb1 Nd2+ 51. Kb2 Nc4+ 52. Kb1 Nd2+ 53. Kb2 1/2-1/2

[Event "Mogliano Veneto op-B 38th"]
[Site "Mogliano Veneto"]
[Date "2017.04.29"]
[Round "1.11"]
[White "Ballarin, Gabriele"]
[Black "Esposito, Bruno"]
[Result "1-0"]
[WhiteElo "1868"]
[BlackElo "1682"]
[PlyCount "61"]
[EventDate "2017.04.29"]
[EventType "swiss"]
[EventRounds "5"]
[EventCountry "ITA"]
[SourceTitle "EXT 2023"]
[Source "ChessBase"]
[SourceDate "2022.10.05"]
[SourceVersion "1"]
[SourceVersionDate "2022.10.05"]
[SourceQuality "1"]

1. e4 c5 2. Nc3 e6 3. g3 Nc6 4. Bg2 d6 5. Nge2 Nf6 6. 0-0 Be7 7. h3 0-0 8. d3 d5 9. f4 a6 10. a4 Rb8 11. g4 h6 12. Ng3 b5 13. f5 exf5 14. exd5 Nb4 15. Nxf5 Nbxd5 16. Nxe7+ Nxe7 17. axb5 axb5 18. Rxf6 gxf6 19. Bxh6 Re8 20. Qf3 Rb6 21. Be3 Qc7 22. Ne4 Nd5 23. Bxc5 Rc6 24. d4 Bb7 25. Ra7 Ra8 26. Rxa8+ Bxa8 27. Qg3 Nf4 28. Bf1 Rxc5 29. Nxf6+ Kf8 30. Qa3 Kg7 31. Ne8+ 1-0

[Event "Mestre Cipressina op-B 4th"]
[Site "Mestre"]
[Date "2015.11.29"]
[Round "5"]
[White "Esposito, Bruno"]
[Black "Rostirolla, Daniele"]
[Result "1-0"]
[WhiteElo "1494"]
[BlackElo "1545"]
[PlyCount "81"]
[EventDate "2015.11.27"]
[EventType "swiss"]
[EventRounds "5"]
[EventCountry "ITA"]
[SourceTitle "EXT 2022"]
[Source "ChessBase"]
[SourceDate "2021.10.06"]
[SourceVersion "1"]
[SourceVersionDate "2021.10.06"]
[SourceQuality "1"]

1. e4 c5 2. Nf3 d6 3. d4 cxd4 4. Nxd4 Nf6 5. Nc3 a6 6. Be2 e5 7. Nf3 Nbd7 8. 0-0 Nc5 9. Bg5 Be7 10. Bxf6 Bxf6 11. a3 0-0 12. b4 Ne6 13. Nd5 Nf4 14. Nxf4 exf4 15. Rc1 Qe7 16. Qd2 Be5 17. c4 Rd8 18. Qc2 Bg4 19. h3 Bh5 20. Nxe5 Bxe2 21. Nxf7 Bxf1 22. Nxd8 Bxg2 23. Kxg2 Qg5+ 24. Kh2 f3 25. Rg1 Qe5+ 26. Rg3 Rxd8 27. Qd3 Rf8 28. Kh1 Qa1+ 29. Kh2 Qe5 30. Kh1 Qa1+ 31. Kh2 Qe5 32. Qd5+ Qxd5 33. cxd5 Rf4 34. Rg4 Rf7 35. Kg3 Rc7 36. Rf4 Rc4 37. Kg4 g6 38. e5 Rxf4+ 39. Kxf4 dxe5+ 40. Kxe5 Kf7 41. Kd6 1-0